| 000 | 04206nam0a2200505 4500 | ||
|---|---|---|---|
| 001 | RU\NLR\BIBL_A\022337716 | ||
| 005 | 20241211120942.0 | ||
| 010 |
_a978-5-94839-864-8 _9250 |
||
| 021 |
_aRU _bКН-П-24-048033 _9КН-П-24-4777 |
||
| 035 | _a(NLR Aleph) 022337716 | ||
| 090 |
_a13538192 _c13538192 |
||
| 100 | _a20241001d2024 k y0rusy50 ca | ||
| 101 | 0 |
_arus _aeng |
|
| 102 | _aRU | ||
| 105 | _aag z 100yy | ||
| 181 | 0 |
_ai3 _baxxe |
|
| 182 | 0 | _an | |
| 200 | 1 |
_aЧеловек в горизонтах русской духовной культуры: ценности - смыслы - практики служения Отечеству _eматериалы всероссийской научно-практической конференции с международным участием, [Челябинск, 16-17 мая 2024 года] _fДвадцать второй Славянский научный собор "Урал. Православие. Культура", Федеральное государственное бюджетное образовательное учреждение высшего образования "Челябинский государственный институт культуры" [и др.] _gсост.: И. Н. Морозова _gредакционная коллегия: Г. Я. Гревцева [и др.] |
|
| 203 |
_aТекст _bвизуальный _cнепосредственный |
||
| 210 |
_aЧелябинск _cЧелябинский государственный институт культуры _d2024 |
||
| 215 |
_a507, [1] с. _cил., табл., ноты _d21 |
||
| 300 | _aЧасть текста парал. на рус. и англ. яз. | ||
| 320 | _aБиблиогр. в конце ст. | ||
| 327 | 1 | _aВ сб. также материалы Духовных чтений "Святые Челябинской митрополии", проходившие в рамках собора | |
| 606 | 1 |
_aМолодежь _xДуховно-нравственное воспитание _jСъезды, совещания и т.п _2nlr_sh2 _3RU\NLR\AUTH\661449832 |
|
| 606 | 1 |
_aПравославие и культура _jСъезды, совещания и т.п _2nlr_sh1 _2nlr_sh2 _3RU\NLR\AUTH\661351044 |
|
| 606 | 1 |
_aДуховность (религ.) _xСоциально-философские вопросы _jСъезды, совещания и т.п _2nlr_sh2 _3RU\NLR\AUTH\6601605017 |
|
| 606 | 1 |
_aРусская филология _jСъезды, совещания и т.п _2nlr_sh1 _2nlr_sh2 _3RU\NLR\AUTH\66969420 |
|
| 686 | 1 | _aШ041.2я431 | |
| 686 | 1 | _aС550.566я431 | |
| 686 | 1 | _aЧ313.52я431 | |
| 686 | 2 | _aЭ372.24-117.3я431 | |
| 702 | 1 |
_aМорозова _bИ. Н. _cканд. культурологии _gИрина Николаевна _3RU\NLR\AUTH\770133975 _4220 |
|
| 702 | 1 |
_aГревцева _bГ. Я. _f1955- _gГульсина Якуповна _3RU\NLR\AUTH\7760571 _4340 |
|
| 711 | 1 | 2 |
_a"Человек в горизонтах русской духовной культуры: ценности - смыслы - практики служения отечеству", всероссийская научно-практическая конференция с международным участием _f2024 _eЧелябинск _3RU\NLR\AUTH\880616490 |
| 711 | 1 | 2 |
_a"Святые Челябинской митрополии", духовные чтения _f2024 _eЧелябинск _3RU\NLR\AUTH\880616491 |
| 711 | 1 | 2 |
_a"Урал. Православие. Культура", славянский научный собор _d22 _f2024 _eЧелябинск _3RU\NLR\AUTH\880616488 |
| 712 | 0 | 2 |
_aЧелябинский государственный институт культуры _3RU\NLR\AUTH\880423163 _4475 |
| 942 | _cBOOK | ||
| 980 | _aNB | ||